000 01062nam a2200313 i 4500
003 EG-GICUC
005 20260422102245.0
008 260422s1975 fr ||||fr|||| 00| 0 fre d
040 _aEG-GiCUC
_bfre
_cEG-GiCUC
_dEG-GiCUC
_eRda
041 0 _afre
082 0 4 _221
_a343.6
_bB O . T
092 0 4 _221
099 _aLaw1 10 343.6 B O . T 1975
100 1 _aBouzat, Pierre
_eAuteur
245 1 0 _aTraité de droit pénal et de criminologie .
_ntomes I et II /
_cpar Pierre Bouzat, Pierre Bouzat.
264 1 _aParis :
_bJurisprudence Générale Dalloz,
_c1958.
300 _a315 page ;
_c 24 cm.
_billustration ;
336 _2rda contenu
_a texte
337 _2rda medias
_aOrdinateur
338 _2 transporteur rda
_a Ressource en ligne
504 _aComprend des références bibliographiques et un index.
546 _aTexte en français
650 1 _aProcédure pénale
_2qrmak
651 1 _2qrmak
700 1 _aPinatel, Jean
_eAuteur
856 4 0 _uhttps://fll.law.cu.edu.eg/fulltext/bks/B10-10604.pdf
905 _a74
942 _2ddc
_n0
_cBK
_e21
999 _c72782
_d72782